| 000 | 00767nam a2200205 a 4500 | ||
|---|---|---|---|
| 001 | 000020162 | ||
| 003 | DO-SdBNP | ||
| 005 | 20250310104906.0 | ||
| 008 | 100726s19uu dr a 000 0 spa d | ||
| 040 |
_aDO-SdBNP _bspa _cBNPHU |
||
| 049 | _aBNPD | ||
| 082 |
_axxx _bP769n |
||
| 245 | 0 | 0 | _aPolítica nacional de protección de niños, niñas y adolescentes en situación de orfandad y vulnerabilidad por el VIH/SIDA en República Dominicana. |
| 260 |
_aSanto Domingo : _bCOPRESIDA _bCONANI, _c[19--?]. |
||
| 300 |
_a72 p. : _bil. ; _c26 cm. |
||
| 504 | _aIncluye bibliografías [p. 64-65] | ||
| 710 | 2 |
_aConsejo Presidencial del SIDA (República Dominicana) _970981 |
|
| 710 | 2 |
_aConsejo Nacional para la Niñez (República Dominicana ) _942757 |
|
| 942 |
_2ddc _cLBS1 |
||
| 999 |
_c19669 _d19669 |
||